Colonial Intrigues and My Dismissal as Director of Antiquities
Saved in:
Main Author:
Other Authors:
Format: Book
Published:
Oxford
Archaeopress Publishing Ltd
2025
Tags: Add Tag
No Tags, Be the first to tag this record!
Call Number:
| LEADER | 00709namaa2200181 4500 | ||
|---|---|---|---|
| 001 | 9781805830641 | ||
| 003 | UkOxAP | ||
| 005 | 20260405155017.0 | ||
| 020 | |a 9781805830658 | ||
| 776 | 1 | |x 9781805830641 | |
| 245 | 0 | 0 | |a Colonial Intrigues and My Dismissal as Director of Antiquities |
| 100 | 1 | |a Hilton, John R. |e Author |l English | |
| 700 | 1 | |a Stanley-Price, Nicholas |e Editor |l English | |
| 856 | 4 | 2 | |a http://library.arce.org:8087/Archaeopress/Products/9781805830658 |
| 260 | |a Oxford |b Archaeopress Publishing Ltd |c 2025 | ||
| 270 | |a Archaeopress Publishing Ltd, Summertown Pavillion, 18 -24 Middle Way, Summertown |b Oxford |d United Kingdom |e OX2 7LG |k 44-1865-311914 |m info@archaeopress.com | ||
| 942 | |2 lcc |c EBOOK | ||
| 999 | |c 62114 |d 62114 | ||
